Liatinová krása : Historická liatina v zbierkach Horehronského múzea v Brezne /
Salvato in:
| Autori principali: | , , |
|---|---|
| Natura: | Libro |
| Lingua: | slovacco |
| Pubblicazione: |
Banská Bystrica,
Štúdio HARMONY, s.r.o.,
2009
|
| Edizione: | 1. vydanie |
| Soggetti: | |
| Tags: |
Nessun Tag, puoi essere il primo ad aggiungerne!!
|
MARC
| LEADER | 00000nam a22000003a 4500 | ||
|---|---|---|---|
| 001 | 0065607 | ||
| 003 | SK-STU | ||
| 005 | 20190401091610.8 | ||
| 007 | ta | ||
| 008 | 180615s ----xo-----e------000-0-----d | ||
| 020 | |a 978-80-89151-25-7 | ||
| 040 | |a STU |b slo | ||
| 041 | 0 | |a slo | |
| 044 | |a xo | ||
| 100 | 1 | |a Krištofová, Ivica |4 aut | |
| 245 | 1 | 0 | |a Liatinová krása : |b Historická liatina v zbierkach Horehronského múzea v Brezne / |c aut. Ivica Krištofová, Leo Lichvár, Eva Švajdová |
| 250 | |a 1. vydanie | ||
| 260 | |a Banská Bystrica, |b Štúdio HARMONY, s.r.o., |c 2009 | ||
| 300 | |a 96 s. | ||
| 650 | 0 | 7 | |a liatina |
| 650 | 0 | 7 | |a sochárstvo |
| 650 | 0 | 7 | |a kríž |
| 650 | 0 | 7 | |a umelecké predmety |
| 650 | 0 | 7 | |a muzeálna expozícia |
| 700 | 1 | |a Lichvár, Leo |4 aut | |
| 700 | 1 | |a Švajdová, Eva |4 aut | |
| 996 | |b 284AU07559 |c A* 10807/U |l AA5150 |s P |a 0 |w 0065607_0001 | ||